000 01145nam a22002657a 4500
003 OSt
005 20221118132405.0
007 cr ||||||a|c|a
008 221109s2020 mx ||||fom||| 001 0 spa d
040 _erda
100 _9185606
_aHidalgo Castelan, Jessie Alejandra
245 1 3 _aEl indicador de seguridad alimentaria en Oaxaca y otras variedades que contribuyen en su medición /
_cpor Jessie Alejandra Hidalgo Castelán; director de tesis Dixia Dania Vega Valdivia
264 1 _aChapingo, México :
_bEl autor,
_c2020.
300 _a1 recurso en línea (90 páginas).
336 _2rdacontent
_atexto
_btxt
337 _2rdamedia
_acomputadora
_bc
338 _2rdacarrier
_arecurso en línea
_bcr
502 _bMCEARN
_cDICEA
_d2020.
_gMAE
504 _aIncluye referencias bibliográficas: páginas 85-90
650 0 _9145461
_aAbastecimientos de alimentos
650 4 _9103673
_aSeguridad alimentaria
700 0 _9118306
_aVega Valdivia, Dixia Dania
_eDirector de tesis
856 _uhttp://10.13.5.2/tesis/tm/2020_EA_Hidalgo_Castelan_JessieAlejandra.pdf
_zDESCARGAR PDF
942 _2Clasificación Universidad Autónoma Chapingo
_cTD
999 _c217741
_d217741